Estatísticas para Os 15 principais países com mortes por Covid19; 25 de agosto

Clique aqui para jogar o quiz

Estatísticas Gerais

  • Esse quiz foi jogado 3 vezes
  • A pontuação média é 8 de 20

Estatísticas das Respostas

país% Correto
Brasil
100%
Estados Unidos
100%
Índia
100%
África do Sul
50%
Bélgica
50%
Espanha
50%
França
50%
Itália
50%
México
50%
Países Baixos
50%
Reino Unido
50%
Rússia
50%
Suécia
50%
Bolívia
0%
Chile
0%
Colômbia
0%
Equador
0%
Irão
0%
Panamá
0%
Peru
0%

Distribuição das Pontuações

Percentil de Números Respondidos

Porcentagem de Pessoas com Cada Pontuação

Sua Pontuação Histórica

Você não jogou esse quiz